Państwa, których nazwa ma dwa słowa - Statystyki

Ogólne statystyki
  • Ten quiz został rozwiązany 253 razy
  • Średni wynik to 14 z 19
Statystyki odpowiedzi
Państwo % Poprawnych
Korea Północna
90%
Korea Południowa
90%
Nowa Zelandia
85%
Arabia Saudyjska
80%
Wielka Brytania
80%
Sudan Południowy
79%
Burkina Faso
76%
Wyspy Marshalla
76%
Macedonia Północna
74%
Gwinea Równikowa
73%
Stany Zjednoczone
72%
Wyspy Salomona
72%
Gwinea Bissau
71%
Timor Wschodni
71%
San Marino
69%
Sri Lanka
69%
Saint Lucia
65%
Sierra Leone
63%
Republika Środkowoafrykańska
52%
Nie znaleziono quizów pasujących do podanych kryteriów
Rozkład punktacji
Procent ludzi z każdym wynikiem
Percentyl według liczby udzielonych odpowiedzi
Twoja historia wyników
Nie rozwiązałeś tego quizu